000 00561nam a2200193Ia 4500
005 20250326142442.0
008 250326s9999 xx 000 0 und d
020 _a0-7522 1199 4
037 _aTextbook
040 _aFMSL
_beng
_cFMSL
041 _aeng
_2eng
084 _aX:8N N8
_qFMSL
100 _aAdams S
_9738308
245 0 _aJoy of work : dilbert's guide to finding happiness at the expense of your
_cAdams S
260 _aLondon
_bLondon, Harper Business
_c1999
300 _a284p
942 _cTB
_hX:8N N8
999 _c1295090
_d1295090